000 01890nam a2200433 i 4500
001 00294015
003 IGIG
005 20250113102814.0
006 m eo d
007 cr bn |||m|||a
008 220910s2022 pau fob 001 0 eng d
020 _a9781668451205
_qPDF
020 _z9781668451199
_qhardcover
020 _z9781668451236
_qsoftcover
020 _z1668451239
024 7 _a10.4018/978-1-6684-5119-9
_2doi
035 _a(CaBNVSL)slc00003216
035 _a(OCoLC)1344217969
040 _aCaBNVSL
_beng
_erda
_cCaBNVSL
_dCaBNVSL
082 0 4 _a720/.47
_223
245 0 0 _aHandbook of research on issues, challenges, and opportunities in sustainable architecture /
_cVeronica Foong Peng Ng, Sucharita Srirangam, and Siti Norzaini Zainal Abidin, editors.
264 1 _aHershey, Pennsylvania (701 E. Chocolate Avenue, Hershey, Pennsylvania, 17033, USA) :
_bIGI Global,
_c2022.
300 _a24 PDFs (426 pages)
336 _atext
_2rdacontent
337 _acomputer
_2rdamedia
338 _aonline resource
_2rdacarrier
504 _aIncludes bibliographical references and index.
506 _aRestricted to subscribers or individual electronic text purchasers.
530 _aAlso available in print.
538 _aMode of access: World Wide Web.
588 _aDescription based on title screen (IGI Global, viewed 09/10/2022).
650 0 _aSustainable architecture.
700 1 _aNg Foong Peng, Veronica,
_eeditor.
700 1 _aSrirangam, Sucharita,
_d1971-
_eeditor.
700 1 _aZainal Abidin, Siti Norzaini,
_d1973-
_eeditor.
710 2 _aIGI Global,
_epublisher.
_9217236
776 0 8 _iPrint version:
_z1668451190
_z9781668451199
856 4 0 _uhttps://ezproxy.taylors.edu.my/login?url=http://services.igi-global.com/resolvedoi/resolve.aspx?doi=10.4018/978-1-6684-5119-9
_zAn electronic book accessible through the World Wide Web; click to view
999 _c191915